Exploración clínica y semiologia en neuro-pediatría
Saved in:
| Hovedforfatter: | |
|---|---|
| Format: | Bog |
| Sprog: | spansk |
| Udgivet: |
Barcelona
Espaxs
1974
|
| Fag: | |
| Tags: |
Tilføj Tag
Ingen Tags, Vær først til at tagge denne postø!
|
MARC
| LEADER | 00000nam a2200000 a 4500 | ||
|---|---|---|---|
| 001 | UCY9650 | ||
| 003 | CL-VaPUC | ||
| 008 | 950717e19740000SP |||||||||||||||||spa|d | ||
| 082 | 0 | 4 | |a 612.8 |b COR |2 21 |
| 100 | 0 | |a Corominas Beret, Federico |e author |9 342124 | |
| 245 | 1 | 0 | |a Exploración clínica y semiologia en neuro-pediatría |
| 300 | |a 270 p | ||
| 942 | |c BK | ||
| 945 | |d 19950717 00:00:00 |a lriquelm | ||
| 260 | |a Barcelona |b Espaxs |c 1974 | ||
| 650 | 0 | |a Neurología |9 269802 | |
| 650 | 7 | |a TESTS NEUROPSICOLOGICOS |2 CL-VaPUC |9 342125 | |
| 650 | 0 | |a Psicopatología |9 307473 | |
| 650 | 7 | |a PSICOMOTROCIDAD |2 CL-VaPUC |9 341088 | |
| 650 | 0 | |a Sistema nervioso |9 266815 | |
| 650 | 7 | |a LACTANTES |2 CL-VaPUC |9 309581 | |
| 650 | 0 | |a Semiología |9 317916 | |
| 650 | 0 | |a Pediatría |9 309397 | |
| 650 | 7 | |a SINTOMAS |2 CL-VaPUC |9 342126 | |
| 583 | |a last modification |c 19950717 00:00:00 |k Rodrigo Vera | ||
| 999 | |c 236703 |d 236701 | ||
| 952 | |0 0 |1 0 |4 0 |6 612_800000000000000_COR_1974 |7 0 |8 P |9 244966 |a BIBEDU |b BIBEDU |c BIBEDU_PB |d 2019-11-18 |i 1532944 |o 612.8 COR 1974 |p 1532944 |r 2024-01-25 |w 2019-11-18 |y BK |k EDU | ||